लेखननामा (Record no. 200093)

MARC details
000 -LEADER
fixed length control field 00381nam a2200145Ia 4500
008 - FIXED-LENGTH DATA ELEMENTS--GENERAL INFORMATION
fixed length control field 090124s9999 xx 000 0 und d
082 ## - DEWEY DECIMAL CLASSIFICATION NUMBER
Item number 135220
245 ## - TITLE STATEMENT
Title लेखननामा
250 ## - EDITION STATEMENT
Edition statement 1
260 ## - PUBLICATION, DISTRIBUTION, ETC. (IMPRINT)
Name of publisher, distributor, etc खाडीलकर नीलकंठ
Date of publication, distribution, etc 1986
300 ## - PHYSICAL DESCRIPTION
Extent 203
630 ## - SUBJECT ADDED ENTRY--UNIFORM TITLE
Uniform title लेखननामा
730 ## - ADDED ENTRY--UNIFORM TITLE
Uniform title लेखननामा
942 ## - ADDED ENTRY ELEMENTS (KOHA)
Koha item type Book
Holdings
Withdrawn status Lost status Damaged status Not for loan Home library Current library Date acquired Cost, normal purchase price Total Checkouts Full call number Barcode Date last seen Cost, replacement price Price effective from Koha item type
        Marathi Granth Sangrahalaya,Thane Marathi Granth Sangrahalaya,Thane   100.00   135220 THNMGS-135220 01/24/2009 100.00 01/24/2009 Book